Brand coolness (Record no. 5144)

MARC details
000 -CABECERA
campo de control de longitud fija 02421nam a22003377a 4500
003 - IDENTIFICADOR DEL NÚMERO DE CONTROL
campo de control OSt
005 - FECHA Y HORA DE LA ÚLTIMA TRANSACCIÓN
campo de control 20260515123310.0
008 - DATOS DE LONGITUD FIJA--INFORMACIÓN GENERAL
campo de control de longitud fija 250910b |||||||| |||| 00| 0 eng d
022 ## - NÚMERO INTERNACIONAL NORMALIZADO PARA PUBLICACIONES SERIADAS
Número Internacional Normalizado para Publicaciones Seriadas 1547-7185
022 ## - NÚMERO INTERNACIONAL NORMALIZADO PARA PUBLICACIONES SERIADAS
Número Internacional Normalizado para Publicaciones Seriadas 0022-2429
040 ## - FUENTE DE LA CATALOGACIÓN
Centro catalogador/agencia de origen English
Centro/agencia transcriptor tbs
041 ## - CÓDIGO DE LENGUA
Código de lengua del texto/banda sonora o título independiente English
100 ## - ENTRADA PRINCIPAL--NOMBRE DE PERSONA
Nombre de persona Warren, Caleb
9 (RLIN) 26424
Término indicativo de función/relación author
245 ## - MENCIÓN DE TÍTULO
Título Brand coolness
Mención de responsabilidad, etc. / Caleb Warren, Rajeev Batra, Sandra Maria Correia Loureiro, and Richard P. Bagozzi.
260 ## - PUBLICACIÓN, DISTRIBUCIÓN, ETC.
Nombre del editor, distribuidor, etc. Journal of Marketing,
Fecha de publicación, distribución, etc. 2019
300 ## - DESCRIPCIÓN FÍSICA
Extensión 36-56 pages.
362 ## - FECHAS DE PUBLICACIÓN Y/O DESIGNACIÓN SECUENCIAL
Fecha de publicación y/o designación secuencial Journal of marketing, 2019-09, Vol.83 (5), p.36-56
520 ## - SUMARIO, ETC.
Sumario, etc. Marketers strive to create cool brands, but the literature does not offer a blueprint for what "brand coolness" means or what features characterize cool brands. This research uses a mixed-methods approach to conceptualize brand coolness and identify a set of characteristics typically associated with cool brands. Focus groups, depth interviews, and an essay study indicate that cool brands are perceived to be extraordinary, aesthetically appealing, energetic, high status, rebellious, original, authentic, subcultural, iconic, and popular. In nine quantitative studies (surveys and experiments), the authors develop scale items to reliably measure the component characteristics of brand coolness; show that brand coolness influences important outcome variables, including consumers' attitudes toward, satisfaction with, intentions to talk about, and willingness to pay for the brand; and demonstrate how cool brands change over time. At first, most brands become cool to a small niche, at which point they are perceived to be more subcultural, rebellious, authentic, and original. Over time, some cool brands become adopted by the masses, at which point they are perceived to be more popular and iconic.
630 #0 - PUNTO DE ACCESO ADICIONAL DE MATERIA--TÍTULO UNIFORME
Título uniforme MSc Brand Management & Creativity
9 (RLIN) 26051
650 #0 - PUNTO DE ACCESO ADICIONAL DE MATERIA--TÉRMINO DE MATERIA
Término de materia o nombre geográfico como elemento de entrada Branding (Marketing)
9 (RLIN) 6284
650 #0 - PUNTO DE ACCESO ADICIONAL DE MATERIA--TÉRMINO DE MATERIA
Término de materia o nombre geográfico como elemento de entrada Motivation research (Marketing)
9 (RLIN) 7225
650 #0 - PUNTO DE ACCESO ADICIONAL DE MATERIA--TÉRMINO DE MATERIA
Término de materia o nombre geográfico como elemento de entrada Consumer behavior
9 (RLIN) 997
650 #0 - PUNTO DE ACCESO ADICIONAL DE MATERIA--TÉRMINO DE MATERIA
Término de materia o nombre geográfico como elemento de entrada Consumers' preferences
9 (RLIN) 23349
650 #0 - PUNTO DE ACCESO ADICIONAL DE MATERIA--TÉRMINO DE MATERIA
Término de materia o nombre geográfico como elemento de entrada Brand name products
9 (RLIN) 2371
650 #0 - PUNTO DE ACCESO ADICIONAL DE MATERIA--TÉRMINO DE MATERIA
Término de materia o nombre geográfico como elemento de entrada Authenticity (Philosophy)
9 (RLIN) 27111
700 ## - ENTRADA AGREGADA--NOMBRE PERSONAL
Nombre de persona Batra, Rajeev
9 (RLIN) 8161
Término indicativo de función/relación author
700 ## - ENTRADA AGREGADA--NOMBRE PERSONAL
Nombre de persona Bagozzi, Richard P.
9 (RLIN) 26426
Término indicativo de función/relación author
700 ## - ENTRADA AGREGADA--NOMBRE PERSONAL
Nombre de persona Loureiro, Sandra Maria Correia
9 (RLIN) 26425
Término indicativo de función/relación author
856 ## - LOCALIZACIÓN Y ACCESO ELECTRÓNICOS
Identificador Uniforme del Recurso <a href="https://research-ebsco-com.hub.tbs-education.fr/linkprocessor/plink?id=f4e8e586-0dd7-3094-a466-58815210d634">https://research-ebsco-com.hub.tbs-education.fr/linkprocessor/plink?id=f4e8e586-0dd7-3094-a466-58815210d634</a>
942 ## - ELEMENTOS DE ENTRADA AGREGADA (KOHA)
Fuente del sistema de clasificación o colocación Clasificación de Library of Congress
Tipo de ítem Koha Academic Article
Holdings
Estado de retiro Estado de pérdida Fuente del sistema de clasificación o colocación Estado dañado No para préstamo Código de colección Biblioteca de origen Biblioteca actual Fecha de adquisición Total de préstamos Código de barras Fecha visto por última vez Identificador Uniforme del Recurso Precio válido a partir de Tipo de ítem Koha
    Clasificación de Library of Congress     Core Textbooks TBS Barcelona TBS Barcelona 04/11/2025   5144 04/11/2025 https://research-ebsco-com.hub.tbs-education.fr/linkprocessor/plink?id=f4e8e586-0dd7-3094-a466-58815210d634 04/11/2025 Academic Article

Powered by Koha